[Event "FRA-ch High Schools"]
[Site "Asnieres sur Seine"]
[Date "2018.05.05"]
[Round "4.9"]
[White "Muller, Matthieu"]
[Black "Jaramillo Duque, David"]
[Result "0-1"]
[WhiteElo "2030"]
[BlackElo "1789"]
[PlyCount "52"]
[EventDate "2018.05.12"]
[EventType "swiss (rapid)"]
[EventRounds "17"]
[EventCountry "FRA"]
[SourceTitle "EXT 2019"]
[Source "ChessBase"]
[SourceDate "2018.10.10"]
[SourceVersion "1"]
[SourceVersionDate "2018.10.10"]
[SourceQuality "1"]

1. e4 e5 2. Nf3 Nc6 3. Bb5 a6 4. Ba4 Nf6 5. 0-0 Nxe4 6. d4 b5 7. Bb3 d5 8. dxe5 Be6 9. a4 Nc5 10. Bg5 Be7 11. Bxe7 Nxe7 12. Nd4 bxa4 13. Bxa4+ Nxa4 14. Rxa4 c5 15. Nxe6 fxe6 16. Qg4 Nf5 17. Nc3 0-0 18. Rfa1 Qc7 19. f4 Qb6 20. Nd1 Nd4 21. c3 Rxf4 22. Qh5 g6 23. Rxd4 cxd4 24. Qe2 d3+ 25. Qe3 Raf8 26. g3 Rf1+ 0-1

[Event "FRA-ch U16"]
[Site "Montlucon"]
[Date "2011.04.18"]
[Round "2"]
[White "Muller, Matthieu"]
[Black "Barbot, Pierre"]
[Result "1/2-1/2"]
[WhiteElo "1928"]
[BlackElo "2224"]
[PlyCount "90"]
[EventDate "2011.04.17"]
[EventType "swiss"]
[EventRounds "9"]
[EventCountry "FRA"]
[SourceTitle "CBM 142 Extra"]
[Source "ChessBase"]
[SourceDate "2011.06.27"]
[SourceVersion "1"]
[SourceVersionDate "2011.06.27"]
[SourceQuality "1"]

1. e4 c5 2. Nf3 Nc6 3. d4 cxd4 4. Nxd4 Nf6 5. Nc3 d6 6. Be2 e5 7. Nb3 Be7 8. Be3 0-0 9. 0-0 a5 10. a4 Nb4 11. f4 d5 12. fxe5 Nxe4 13. Nxe4 dxe4 14. c3 Nd5 15. Bd4 Bg5 16. Bc4 Ne3 17. Bxe3 Bxe3+ 18. Kh1 Qh4 19. Rxf7 Rxf7 20. Qd5 Kh8 21. Qxf7 Bg4 22. Rf1 Bf3 23. gxf3 Bf4 24. Rf2 Qxf2 25. Qxf4 exf3 26. Qg3 Qe3 27. e6 Rd8 28. Nd4 Qc1+ 29. Qg1 Qxb2 30. e7 Re8 31. Nf5 Qxc3 32. Bb5 Rxe7 33. Nxe7 Qe5 34. Qc1 g6 35. Qc8+ Kg7 36. Qg8+ Kh6 37. Qf8+ Kg5 38. Qxf3 Qxe7 39. Kg2 b6 40. Qf2 Qd8 41. Qe3+ Kf6 42. h4 Kg7 43. Qe5+ Kh6 44. Qf4+ Kg7 45. Qe5+ Kh6 1/2-1/2

[Event "FRA-chTB U20 1011"]
[Site "France"]
[Date "2010.12.19"]
[Round "6.2"]
[White "Muller, Matthieu"]
[Black "Eid, Maha"]
[Result "0-1"]
[WhiteElo "1904"]
[BlackElo "2067"]
[PlyCount "76"]
[EventDate "2010.11.20"]
[EventType "team-tourn"]
[EventRounds "7"]
[EventCountry "FRA"]
[SourceTitle "EXT 2012"]
[Source "ChessBase"]
[SourceDate "2011.11.24"]
[SourceVersion "1"]
[SourceVersionDate "2011.11.24"]
[SourceQuality "1"]
[WhiteTeam "Mulhouse"]
[BlackTeam "Clichy"]
[WhiteTeamCountry "FRA"]
[BlackTeamCountry "FRA"]

1. e4 c5 2. Nf3 e6 3. d4 cxd4 4. Nxd4 a6 5. Nc3 Qc7 6. Bd3 Bc5 7. Nb3 Be7 8. 0-0 Nf6 9. f4 d6 10. Kh1 Nbd7 11. a4 b6 12. Be3 Bb7 13. Qe2 0-0 14. Rae1 Rfe8 15. Bf2 e5 16. f5 d5 17. exd5 Nxd5 18. Be4 N5f6 19. Bxb7 Qxb7 20. Bh4 Rac8 21. Bxf6 Bxf6 22. Ne4 Be7 23. Rf3 Nf6 24. Nxf6+ Bxf6 25. Rh3 h6 26. c3 Qd7 27. Qg4 Kh8 28. Rd1 Qc6 29. a5 Qb5 30. Nd2 Rcd8 31. Ne4 Rxd1+ 32. Qxd1 Rd8 33. Qc1 Qe2 34. Rxh6+ Kg8 35. Nxf6+ gxf6 36. Rh8+ Kxh8 37. Qh6+ Kg8 38. h4 Qf1+ 0-1

[Event "FRA-chTB U20 1011"]
[Site "France"]
[Date "2010.12.18"]
[Round "4.2"]
[White "Muller, Matthieu"]
[Black "Macon, Arthur"]
[Result "0-1"]
[WhiteElo "1904"]
[BlackElo "1981"]
[PlyCount "106"]
[EventDate "2010.11.20"]
[EventType "team-tourn"]
[EventRounds "7"]
[EventCountry "FRA"]
[SourceTitle "EXT 2012"]
[Source "ChessBase"]
[SourceDate "2011.11.24"]
[SourceVersion "1"]
[SourceVersionDate "2011.11.24"]
[SourceQuality "1"]
[WhiteTeam "Mulhouse"]
[BlackTeam "Niort"]
[WhiteTeamCountry "FRA"]
[BlackTeamCountry "FRA"]

1. e4 e5 2. Nf3 Nc6 3. Bb5 Nf6 4. 0-0 Nxe4 5. d4 Nd6 6. Bxc6 dxc6 7. dxe5 Nf5 8. Qxd8+ Kxd8 9. Nc3 h6 10. b3 Be6 11. Bb2 c5 12. Rfd1+ Kc8 13. Ne4 b6 14. a4 a5 15. c4 Ne7 16. Rd2 g5 17. h3 Ng6 18. Nf6 Kb7 19. Rad1 Bg7 20. Nh5 Rhg8 21. Nxg7 Rxg7 22. Rd8 Rg8 23. Rxa8 Rxa8 24. Nh2 Re8 25. Nf1 Bc8 26. Rd5 Nf4 27. Rd2 Ng6 28. Rd5 Ne7 29. Rd2 Nc6 30. Re2 Nd4 31. Bxd4 cxd4 32. Ng3 Ka7 33. Kf1 c5 34. Ke1 g4 35. h4 Bb7 36. Kf1 d3 37. Rd2 Rxe5 38. Rxd3 f5 39. Re3 Rxe3 40. fxe3 Bc8 41. Kf2 Kb8 42. Ne2 Kc7 43. Kg3 Bb7 44. Nc3 Kd6 45. Nd5 Bxd5 46. cxd5 Kxd5 47. Kf4 Ke6 48. h5 Kf6 49. g3 Ke6 50. e4 fxe4 51. Kxe4 Kd6 52. Kf5 b5 53. Kxg4 c4 0-1

[Event "FRA-ch Juniors op"]
[Site "Aix les Bains"]
[Date "2009.04.24"]
[Round "7"]
[White "Durand, Victor"]
[Black "Muller, Matthieu"]
[Result "0-1"]
[WhiteElo "1856"]
[BlackElo "1808"]
[PlyCount "76"]
[EventDate "2009.04.19"]
[EventType "swiss"]
[EventRounds "9"]
[EventCountry "FRA"]
[SourceTitle "CBM 130 Extra"]
[Source "ChessBase"]
[SourceDate "2009.07.02"]
[SourceVersion "2"]
[SourceVersionDate "2009.07.15"]
[SourceQuality "1"]

1. e4 c5 2. Nf3 d6 3. d4 cxd4 4. Nxd4 Nf6 5. Nc3 e6 6. Be3 a6 7. f3 Be7 8. Qd2 Nc6 9. 0-0-0 Ne5 10. g4 b5 11. Bg2 Nc4 12. Qf2 Nxg4 13. fxg4 Nxe3 14. Rd3 Nxg4 15. Qe2 Ne5 16. Rg3 b4 17. Nd1 a5 18. Rxg7 Ng6 19. Nc6 Bg5+ 20. Kb1 Qf6 21. Qb5 Ba6 22. Qxa5 Qxg7 23. Qxg5 0-0 24. Ne3 b3 25. axb3 Bb7 26. Qb5 Bxc6 27. Qxc6 Ra7 28. Qxd6 Rfa8 29. c3 Ne5 30. Kc2 Rd7 31. Qc5 Rad8 32. Bf1 Rd2+ 33. Kb1 Qg5 34. Bb5 Rxb2+ 35. Ka1 Ra8+ 36. Kxb2 Nd3+ 37. Bxd3 Qxc5 38. Rg1+ Kf8 0-1